[Event "Championnat de France des Jeunes - Juni"]
[Site "MONTLUCON (FRA)"]
[Date "2011.04.17"]
[Round "1.1"]
[White "Loiret, Momoko"]
[Black "Forestier, Carole"]
[Result "0-1"]
[WhiteElo "1760"]
[BlackElo "2087"]
[PlyCount "50"]

1. d4 d5 2. c4 e6 3. Nc3 Nf6 4. Nf3 c6 5. e3 Nbd7 6. Bd3 dxc4 7. Bxc4 b5 8. Bd3
a6 9. b3 c5 10. Bb2 Bb7 11. O-O Bd6 12. Rc1 O-O 13. Qe2 Qb6 14. Rfd1 Rfd8 15.
Bb1 Rac8 16. Ng5 cxd4 17. Rxd4 b4 18. Nce4 Rxc1+ 19. Bxc1 Be5 20. Rd1 h6 21.
Nh3 Bxe4 22. Bxe4 Nxe4 23. Qd3 Nef6 24. e4 Qb5 25. Qc2 Qb7 0-1

[Event "Championnat de France des Jeunes - Juni"]
[Site "MONTLUCON (FRA)"]
[Date "2011.04.17"]
[Round "1.1"]
[White "Jolly, Marie"]
[Black "Dubois, Emmanuelle"]
[Result "1-0"]
[WhiteElo "1679"]
[BlackElo "1786"]
[PlyCount "103"]

1. d4 f5 2. Nf3 Nf6 3. c4 g6 4. Nc3 Bg7 5. Bf4 O-O 6. Qc2 d6 7. Rd1 c6 8. h3
Qe8 9. e3 a5 10. Be2 Na6 11. a3 Nc7 12. O-O h6 13. Bh2 g5 14. c5 Qd8 15. cxd6
exd6 16. Bd3 Nfe8 17. Rfe1 d5 18. Be5 Nd6 19. Bxg7 Kxg7 20. Ne5 Qf6 21. Na4 Be6
22. Nb6 Rad8 23. Qd2 Ne4 24. Qxa5 Ne8 25. Na4 h5 26. Qb4 Bc8 27. Nb6 Be6 28.
Na4 Bc8 29. Nc5 Nxc5 30. Qxc5 Nd6 31. b4 Ne4 32. Qb6 g4 33. Qc7+ Kg8 34. f3
gxf3 35. Nxf3 Rd7 36. Qf4 Rg7 37. Rc1 Qg6 38. Re2 Ng3 39. Rb2 Ne4 40. b5 Qe6
41. bxc6 bxc6 42. Rb6 Qg6 43. Rc2 Bd7 44. Ne5 Qe6 45. Nxd7 Qxd7 46. Rcxc6 Qa7
47. Ra6 Qb7 48. Qh6 Qf7 49. a4 Ng5 50. Rg6 Ne4 51. Rxg7+ Qxg7 52. Rg6 1-0

[Event "Championnat de France des Jeunes - Juni"]
[Site "MONTLUCON (FRA)"]
[Date "2011.04.17"]
[Round "1.1"]
[White "Vinckier, Delphine"]
[Black "Durot, Edwige"]
[Result "1/2-1/2"]
[WhiteElo "1832"]
[BlackElo "1707"]
[PlyCount "84"]

1. e4 c5 2. Nf3 e6 3. d4 cxd4 4. Nxd4 a6 5. Bd3 Nc6 6. Nxc6 dxc6 7. O-O e5 8.
Nd2 Nf6 9. Nc4 Qc7 10. Be3 b5 11. Nb6 Rb8 12. Nxc8 Rxc8 13. a4 Bd6 14. c4 O-O
15. c5 Be7 16. h3 Rfd8 17. Qc2 Nd7 18. b4 Nf8 19. Be2 Bf6 20. Ra2 Ne6 21. Bg4
Qe7 22. axb5 axb5 23. Qb3 Re8 24. Rfa1 Rc7 25. Bxe6 Qxe6 26. Qxe6 fxe6 27. Rd1
Kf7 28. Kf1 Rd8 29. Rxd8 Bxd8 30. Rd2 Bf6 31. Ra2 Rd7 32. Ke2 Rb7 33. f3 Re7
34. g3 Rd7 35. Ra6 Rc7 36. Ra8 Ke7 37. Ra2 Kf7 38. h4 h6 39. h5 Rb7 40. Ra6 Rc7
41. Ra8 Ke7 42. Ra2 Kf7 1/2-1/2

[Event "Championnat de France des Jeunes - Juni"]
[Site "MONTLUCON (FRA)"]
[Date "2011.04.17"]
[Round "1.1"]
[White "Richard, Emma"]
[Black "Rodange, Barbara"]
[Result "1-0"]
[WhiteElo "2077"]
[BlackElo "1730"]
[PlyCount "39"]

1. e4 d5 2. exd5 Nf6 3. Nf3 Nxd5 4. d4 g6 5. Bc4 Bg7 6. O-O O-O 7. h3 c6 8. Bb3
Nd7 9. c4 N5b6 10. Nc3 c5 11. Ne4 Qc7 12. Be3 cxd4 13. Nxd4 Nf6 14. Ng5 h6 15.
Ngf3 Rd8 16. Qc1 Kh7 17. Nb5 Qb8 18. Bf4 Rd6 19. c5 Bd7 20. Nc3 1-0

[Event "Championnat de France des Jeunes - Junio"]
[Site "MONTLUCON (FRA)"]
[Date "2011.04.18"]
[Round "2.1"]
[White "Durot, Edwige"]
[Black "Rodange, Barbara"]
[Result "1-0"]
[WhiteElo "1707"]
[BlackElo "1730"]
[PlyCount "121"]

1. e4 c6 2. d4 d5 3. Nc3 dxe4 4. Nxe4 Bf5 5. Ng3 Bg6 6. h4 h6 7. Nf3 Nd7 8. Bd3
Bxd3 9. Qxd3 e6 10. c3 Ngf6 11. Ne4 Nxe4 12. Qxe4 Nf6 13. Qc2 Bd6 14. Bd2 Qc7
15. O-O-O O-O-O 16. Kb1 Rhe8 17. Rhe1 Kb8 18. Ne5 c5 19. Nf3 Qb6 20. Be3 Ng4
21. dxc5 Bxc5 22. Bxc5 Qxc5 23. Rxd8+ Rxd8 24. Re2 Rd5 25. Nd4 Qd6 26. Qe4 h5
27. f3 Nf6 28. Qe3 Qg3 29. Qf2 Qxf2 30. Rxf2 Nd7 31. Kc2 Kc7 32. Rd2 Nb6 33.
Ne2 Rxd2+ 34. Kxd2 Nc4+ 35. Kc1 g6 36. b3 Ne3 37. g3 Nf5 38. Kd2 Kd6 39. Kd3 f6
40. Ke4 g5 41. hxg5 fxg5 42. f4 gxf4 43. Nxf4 Nxg3+ 44. Kf3 Nf1 45. Nxh5 Nd2+
46. Ke3 Nb1 47. Kd3 b5 48. Kc2 Na3+ 49. Kb2 Nc4+ 50. bxc4 bxc4 51. Kc2 Ke5 52.
Kd2 Kd6 53. Nf6 Kc5 54. Ne4+ Kb5 55. Ng5 Ka4 56. Nxe6 Ka3 57. Ke3 Kxa2 58. Kd4
Kb3 59. Nc5+ Kc2 60. Kxc4 Kd2 61. Na6 1-0

[Event "Championnat de France des Jeunes - Junio"]
[Site "MONTLUCON (FRA)"]
[Date "2011.04.18"]
[Round "2.2"]
[White "Forestier, Carole"]
[Black "Richard, Emma"]
[Result "1-0"]
[WhiteElo "2087"]
[BlackElo "2077"]
[PlyCount "77"]

1. d4 Nf6 2. c4 c5 3. d5 d6 4. Nc3 g6 5. e4 Bg7 6. h3 O-O 7. Bd3 e6 8. Nge2
exd5 9. exd5 a6 10. a4 Nbd7 11. f4 Ne8 12. O-O f5 13. Be3 Ndf6 14. Qd2 Nc7 15.
Rae1 Kh8 16. a5 Rb8 17. b4 cxb4 18. Na4 Ncxd5 19. cxd5 Nxd5 20. Ba7 Ra8 21. Bb6
Qe8 22. Bc4 Qxa4 23. Qxd5 Qc6 24. Nd4 Qxd5 25. Bxd5 Bd7 26. Re7 Bc6 27. Nxc6
bxc6 28. Bxc6 Rac8 29. Bb7 Rc2 30. Bxa6 b3 31. Rb1 b2 32. Ree1 Bc3 33. Red1 Bf6
34. Rxd6 Rc1+ 35. Rd1 Rxb1 36. Rxb1 Ra8 37. Bb7 Re8 38. a6 Bc3 39. a7 1-0

[Event "Championnat de France des Jeunes - Junio"]
[Site "MONTLUCON (FRA)"]
[Date "2011.04.18"]
[Round "2.3"]
[White "Dubois, Emmanuelle"]
[Black "Loiret, Momoko"]
[Result "0-1"]
[WhiteElo "1786"]
[BlackElo "1760"]
[PlyCount "176"]

1. e4 c5 2. Nf3 Nf6 3. Nc3 d6 4. d4 cxd4 5. Nxd4 a6 6. Be2 b5 7. Bf3 Ra7 8. Be3
Rd7 9. a4 b4 10. Nd5 Nxd5 11. exd5 a5 12. Nc6 Qc7 13. Ba7 Nxc6 14. dxc6 Qxa7
15. cxd7+ Bxd7 16. O-O Qc7 17. Qd3 e6 18. Rfe1 Be7 19. h3 O-O 20. g4 Bf6 21.
Ra2 Qc5 22. Be4 g6 23. Re2 d5 24. Bg2 Bc6 25. Qf3 Bg7 26. h4 e5 27. g5 f5 28.
h5 e4 29. Qf4 d4 30. Kf1 Be5 31. Qd2 Bd5 32. b3 Re8 33. h6 Bd6 34. Ra1 f4 35.
f3 e3 36. Qd1 Bb7 37. Qd3 Be5 38. Rd1 Bd5 39. Qb5 Qxb5 40. axb5 Rb8 41. Ree1
Rxb5 42. Kg1 Rc5 43. Re2 Bc6 44. Bh1 Bb5 45. Rde1 Bxe2 46. Rxe2 Rd5 47. Bg2 d3
48. cxd3 Rxd3 49. Bh3 Kf7 50. Bf1 Rxb3 51. Re1 Rc3 52. Rd1 Ke7 53. Ra1 Rc5 54.
Rb1 Bd4 55. Be2 Rxg5+ 56. Kf1 Rh5 57. Kg2 Rxh6 58. Rd1 Bb6 59. Bb5 g5 60. Rd7+
Ke6 61. Rb7 Kd5 62. Rd7+ Kc5 63. Be2 a4 64. Rd1 Rd6 65. Rc1+ Kd5 66. Rb1 Bc5
67. Kf1 Kd4 68. Rd1+ Kc3 69. Rc1+ Kd4 70. Rd1+ Ke5 71. Rc1 Rc6 72. Bb5 Rc7 73.
Bxa4 Kd4 74. Bb5 Ra7 75. Rc4+ Kd5 76. Rc1 Ra3 77. Rb1 h5 78. Be2 Rc3 79. Rd1+
Ke5 80. Rb1 Rc2 81. Ke1 Kd4 82. Rd1+ Kc3 83. Rb1 b3 84. Bd1 Rb2 85. Rc1+ Rc2
86. Bxc2 bxc2 87. Rxc2+ Kxc2 88. Ke2 g4 0-1

[Event "Championnat de France des Jeunes - Junio"]
[Site "MONTLUCON (FRA)"]
[Date "2011.04.18"]
[Round "2.4"]
[White "Vinckier, Delphine"]
[Black "Jolly, Marie"]
[Result "1-0"]
[WhiteElo "1832"]
[BlackElo "1679"]
[PlyCount "63"]

1. e4 e6 2. d4 d5 3. e5 c5 4. c3 Nc6 5. Nf3 Qb6 6. a3 cxd4 7. cxd4 Nh6 8. b4
Nf5 9. Bb2 Bd7 10. Be2 Rc8 11. O-O Na5 12. Nbd2 Be7 13. Rc1 O-O 14. Bc3 Nc4 15.
Nxc4 dxc4 16. g4 Nh4 17. Nxh4 Bxh4 18. f4 f6 19. Qd2 fxe5 20. fxe5 h6 21. Rxf8+
Rxf8 22. Rf1 Rxf1+ 23. Bxf1 Qa6 24. Bb2 b5 25. Bg2 Bc6 26. d5 exd5 27. Bxd5+
Kh8 28. e6 Be8 29. Qf4 Be7 30. h4 Qa4 31. Qxh6+ Kg8 32. Qxg7# 1-0

[Event "Championnat de France des Jeunes - Junio"]
[Site "MONTLUCON (FRA)"]
[Date "2011.04.19"]
[Round "3.1"]
[White "Jolly, Marie"]
[Black "Durot, Edwige"]
[Result "1-0"]
[WhiteElo "1679"]
[BlackElo "1707"]
[PlyCount "98"]

1. d4 Nf6 2. Nf3 e6 3. c4 Bb4+ 4. Bd2 a5 5. a3 Bxd2+ 6. Nbxd2 O-O 7. e4 d6 8.
Bd3 Qe7 9. Rc1 e5 10. d5 Nbd7 11. b4 b6 12. O-O Ba6 13. Qb3 g6 14. Rfd1 Ne8 15.
Qb1 Ng7 16. Rc3 f5 17. Rdc1 f4 18. Bf1 g5 19. g3 g4 20. Nh4 Qg5 21. Qc2 Rf7 22.
Nb3 axb4 23. axb4 Raf8 24. Qd2 Nf6 25. Bd3 h6 26. R1c2 Nfh5 27. Ra2 Bc8 28. c5
bxc5 29. bxc5 fxg3 30. fxg3 Qf6 31. Rc1 Kh7 32. cxd6 cxd6 33. Rac2 Bd7 34. Na5
Qd8 35. Qb4 Qb8 36. Qxb8 Rxb8 37. Rc7 Be8 38. Be2 Rxc7 39. Rxc7 Rb1+ 40. Kf2
Rb2 41. Rb7 Ra2 42. Nc4 Nf6 43. Nxd6 Bg6 44. Nxg6 Kxg6 45. Rb3 h5 46. Ke3 Rc2
47. Nc4 Nge8 48. Nxe5+ Kg5 49. Nc6 Nxe4 1-0

[Event "Championnat de France des Jeunes - Junio"]
[Site "MONTLUCON (FRA)"]
[Date "2011.04.19"]
[Round "3.2"]
[White "Loiret, Momoko"]
[Black "Vinckier, Delphine"]
[Result "0-1"]
[WhiteElo "1760"]
[BlackElo "1832"]
[PlyCount "94"]

1. d4 Nf6 2. c4 e6 3. Nc3 Bb4 4. Qc2 O-O 5. Nf3 c5 6. a3 Bxc3+ 7. bxc3 d5 8. e3
Ne4 9. Bd3 f5 10. O-O Nc6 11. Bb2 Rf6 12. cxd5 exd5 13. c4 cxd4 14. cxd5 Na5
15. Bxe4 fxe4 16. Qxe4 Bf5 17. Qxd4 Nb3 18. Qc4 Nxa1 19. Bxa1 Rd6 20. Qd4 Qe7
21. Re1 Be4 22. Ne5 Bxd5 23. Qc3 Rad8 24. e4 Be6 25. Nf3 Bg4 26. h3 Bxf3 27.
Qxf3 Rd3 28. Qg4 Rxa3 29. e5 Rad3 30. Qc4+ Kh8 31. Kh2 h6 32. e6 Rd1 33. Rxd1
Rxd1 34. Qc8+ Rd8 35. Qc3 Re8 36. Qd4 a6 37. Bc3 Rd8 38. Qe5 Qd6 39. e7 Qxe5+
40. Bxe5 Rc8 41. Kg3 Kg8 42. Bd4 Kf7 43. Kf3 g6 44. Be3 Rc3 45. Ke4 Rxe3+ 46.
fxe3 Kxe7 47. Kd5 b5 0-1

[Event "Championnat de France des Jeunes - Junio"]
[Site "MONTLUCON (FRA)"]
[Date "2011.04.19"]
[Round "3.3"]
[White "Richard, Emma"]
[Black "Dubois, Emmanuelle"]
[Result "1-0"]
[WhiteElo "2077"]
[BlackElo "1786"]
[PlyCount "71"]

1. e4 d5 2. exd5 Qxd5 3. Nc3 Qa5 4. d4 Nf6 5. Bd2 c6 6. g3 Bg4 7. f3 Bf5 8.
Nge2 e6 9. Bg2 Nbd7 10. O-O Be7 11. Ne4 Qd8 12. c4 O-O 13. Be3 Rc8 14. N2c3 Nb6
15. Qe2 Rc7 16. Rfd1 Rd7 17. Rab1 Re8 18. b4 Bf8 19. a4 e5 20. dxe5 Rxe5 21. a5
Nc8 22. g4 Nxe4 23. Nxe4 Bxe4 24. fxe4 Rxd1+ 25. Rxd1 Qe8 26. Bf4 Re7 27. Qd3
f6 28. c5 g5 29. Bg3 a6 30. Qd4 Rf7 31. Bf1 Kg7 32. e5 fxe5 33. Bxe5+ Kh6 34.
Qc3 Rd7 35. Qh3+ Kg6 36. Qh5# 1-0

[Event "Championnat de France des Jeunes - Junio"]
[Site "MONTLUCON (FRA)"]
[Date "2011.04.19"]
[Round "3.4"]
[White "Rodange, Barbara"]
[Black "Forestier, Carole"]
[Result "0-1"]
[WhiteElo "1730"]
[BlackElo "2087"]
[PlyCount "106"]

1. e4 e6 2. d4 d5 3. Nd2 dxe4 4. Nxe4 Nd7 5. Nf3 Ngf6 6. Nxf6+ Nxf6 7. Be2 Be7
8. O-O O-O 9. c3 Nd5 10. Qc2 c5 11. Rd1 Qc7 12. Ng5 Nf6 13. Ne4 cxd4 14. Rxd4
e5 15. Rd1 Nxe4 16. Qxe4 Be6 17. f4 exf4 18. Bxf4 Qb6+ 19. Kh1 f5 20. Qe5 Kf7
21. Re1 Bf6 22. Qc7+ Qxc7 23. Bxc7 Rac8 24. Bg3 Rfd8 25. Red1 Ke7 26. a3 Bb3
27. Rd3 g6 28. Re1 Kf7 29. Bf4 Rxd3 30. Bxd3 Rd8 31. Be2 g5 32. Bc1 Kg6 33. Kg1
f4 34. Bf3 Bd5 35. Rd1 Bxf3 36. Rxd8 Bxd8 37. gxf3 Kf5 38. h3 h5 39. Kg2 g4 40.
hxg4+ hxg4 41. Bd2 g3 42. Bc1 Bc7 43. b3 Ke5 44. Bb2 Bb6 45. Bc1 Bc5 46. b4 Bd6
47. c4 Kd4 48. c5 Bc7 49. Kf1 Kc3 50. b5 Kc2 51. b6 axb6 52. cxb6 Bd6 53. Bxf4
Bxf4 0-1

[Event "Championnat de France des Jeunes - Junio"]
[Site "MONTLUCON (FRA)"]
[Date "2011.04.20"]
[Round "4.1"]
[White "Durot, Edwige"]
[Black "Forestier, Carole"]
[Result "0-1"]
[WhiteElo "1707"]
[BlackElo "2087"]
[PlyCount "48"]

1. e4 e6 2. d4 d5 3. Nc3 Nf6 4. e5 Nfd7 5. f4 c5 6. Nf3 Nc6 7. Be3 a6 8. a4 Qb6
9. Rb1 cxd4 10. Nxd4 Bc5 11. Nce2 f6 12. exf6 Nxf6 13. c3 Ne4 14. g3 e5 15.
fxe5 Nxe5 16. Bg2 O-O 17. Rf1 Bg4 18. Qc2 Rxf1+ 19. Kxf1 Nc4 20. Bf4 Rf8 21.
Ke1 Re8 22. Bxe4 Rxe4 23. Kf1 Rxf4+ 24. Nxf4 Ne3+ 0-1

[Event "Championnat de France des Jeunes - Junio"]
[Site "MONTLUCON (FRA)"]
[Date "2011.04.20"]
[Round "4.2"]
[White "Dubois, Emmanuelle"]
[Black "Rodange, Barbara"]
[Result "0-1"]
[WhiteElo "1786"]
[BlackElo "1730"]
[PlyCount "130"]

1. e4 c6 2. d4 d5 3. exd5 cxd5 4. Bd3 Nc6 5. c3 Qc7 6. Bg5 Nf6 7. Nd2 Bg4 8.
Qc2 e6 9. Ngf3 Bd6 10. O-O h6 11. Bh4 g5 12. Bg3 Bxf3 13. Nxf3 Bxg3 14. fxg3
Ng4 15. Rae1 O-O-O 16. h3 Nf6 17. Ne5 Nxe5 18. dxe5 Nh5 19. Qf2 f5 20. Qxa7
Nxg3 21. Qa8+ Qb8 22. Qxb8+ Kxb8 23. Rf3 Ne4 24. Bc2 Rc8 25. Ba4 Kc7 26. Rd1
Rhd8 27. Rd4 Kb8 28. Bc2 b6 29. g4 f4 30. Bxe4 dxe4 31. Rxe4 Rd2 32. Rf2 Rcd8
33. Ree2 Rxe2 34. Rxe2 Rd3 35. Kh2 Kc7 36. c4 Kc6 37. b4 Rd4 38. Rc2 Re4 39. c5
Rxb4 40. cxb6+ Kxb6 41. Rd2 Kc5 42. Rd6 Rb6 43. Rd2 Ra6 44. Kg2 Ra3 45. Rd6
Rxa2+ 46. Kf3 Ra3+ 47. Kg2 Ra2+ 48. Kg1 Ra3 49. Rxe6 Rxh3 50. Kf2 Kd5 51. Re7
Re3 52. Rh7 Rxe5 53. Rxh6 Ke4 54. Rh3 Rb5 55. Rc3 Rb2+ 56. Kf1 f3 57. Rc4+ Ke3
58. Rc3+ Kf4 59. Rc4+ Kg3 60. Rc1 Kxg4 61. Ke1 Re2+ 62. Kf1 Ra2 63. Ke1 Kg3 64.
Rc3 Kg2 65. Rc4 f2+ 0-1

[Event "Championnat de France des Jeunes - Junio"]
[Site "MONTLUCON (FRA)"]
[Date "2011.04.20"]
[Round "4.3"]
[White "Vinckier, Delphine"]
[Black "Richard, Emma"]
[Result "1/2-1/2"]
[WhiteElo "1832"]
[BlackElo "2077"]
[PlyCount "123"]

1. e4 c5 2. c3 Nc6 3. d4 cxd4 4. cxd4 d5 5. exd5 Qxd5 6. Nf3 e6 7. Nc3 Qd8 8.
Bf4 Nf6 9. Be2 Be7 10. O-O O-O 11. a3 a6 12. Bd3 b5 13. Rc1 Bb7 14. Be3 Rc8 15.
Ne4 Nxd4 16. Nxf6+ Bxf6 17. Nxd4 Rxc1 18. Qxc1 Bxd4 19. Rd1 Qd5 20. f3 Rc8 21.
Qd2 g6 22. Kh1 Bf6 23. Qe2 Qb3 24. Bc1 Bd5 25. h3 Bc4 26. Bxc4 Rxc4 27. Bh6 Rc8
28. Rd2 Qa4 29. Rd1 Qh4 30. Be3 Qg3 31. Bf2 Qc7 32. Be3 Qe5 33. Qd2 Qxb2 34.
Qd7 Qc2 35. Bh6 Qc7 36. Qd3 Rd8 37. Qe2 Rxd1+ 38. Qxd1 Bg7 39. Be3 a5 40. Qd3
b4 41. axb4 axb4 42. Qb5 Qd6 43. Qa4 Qb8 44. Qb3 Qe5 45. Bd2 Qa1+ 46. Kh2 Be5+
47. f4 Bc3 48. Be3 Qa3 49. Qc4 Qa8 50. Bc5 Qb8 51. Be3 b3 52. Qxc3 b2 53. Ba7
Qb7 54. Qa5 Qc8 55. Qb5 Qc3 56. Bb8 f6 57. Bd6 h5 58. Qe8+ Kh7 59. Qf7+ Kh8 60.
Qf8+ Kh7 61. Qf7+ Kh8 62. Qf8+ 1/2-1/2

[Event "Championnat de France des Jeunes - Junio"]
[Site "MONTLUCON (FRA)"]
[Date "2011.04.20"]
[Round "4.4"]
[White "Jolly, Marie"]
[Black "Loiret, Momoko"]
[Result "1-0"]
[WhiteElo "1679"]
[BlackElo "1760"]
[PlyCount "43"]

1. d4 d5 2. c4 e6 3. Nf3 Nf6 4. Bg5 Be7 5. Nc3 O-O 6. e3 b6 7. Bxf6 Bxf6 8. Bd3
Bb7 9. cxd5 exd5 10. Qc2 g6 11. h4 c5 12. h5 c4 13. Bxg6 fxg6 14. hxg6 Qe7 15.
Rxh7 Bg7 16. O-O-O Na6 17. a3 Bc6 18. Ne5 Qd6 19. f4 b5 20. Rdh1 Bxe5 21. dxe5
Qe6 22. Rh8+ 1-0

[Event "Championnat de France des Jeunes - Junio"]
[Site "MONTLUCON (FRA)"]
[Date "2011.04.21"]
[Round "5.1"]
[White "Loiret, Momoko"]
[Black "Durot, Edwige"]
[Result "1/2-1/2"]
[WhiteElo "1760"]
[BlackElo "1707"]
[PlyCount "106"]

1. d4 Nf6 2. c4 e6 3. Nc3 Bb4 4. a3 Bxc3+ 5. bxc3 O-O 6. Nf3 c5 7. Qc2 d5 8. e3
b6 9. Bd3 Qc7 10. h3 Nbd7 11. cxd5 exd5 12. O-O c4 13. Be2 Ne4 14. Nd2 Nxd2 15.
Bxd2 Nf6 16. Bf3 Re8 17. a4 Bd7 18. Ra2 Qd6 19. Bc1 Ne4 20. Ba3 Qg6 21. Kh2 Re6
22. Bxe4 Rxe4 23. Qd1 Rae8 24. Bc1 Qd6+ 25. Kh1 Rh4 26. f4 Qg6 27. Qf3 Qf5 28.
Kg1 Qe4 29. Qxe4 Rxe4 30. Kh2 Rh6 31. a5 b5 32. Bd2 Kf8 33. Rf3 Bc8 34. Bc1 Ke7
35. Ba3+ Kf6 36. Rg3 Rg6 37. Re2 Kf5 38. Rxg6 Kxg6 39. Bb4 h5 40. Kg3 Kf5 41.
Kf3 Kg6 42. g4 hxg4+ 43. hxg4 Kf6 44. Rh2 Re8 45. Rh5 Bb7 46. Bd6 Ke6 47. Re5+
Kd7 48. Rxe8 Kxe8 49. f5 Kd7 50. Bb4 g6 51. fxg6 fxg6 52. Kf4 Ke6 53. g5 a6
1/2-1/2

[Event "Championnat de France des Jeunes - Junio"]
[Site "MONTLUCON (FRA)"]
[Date "2011.04.21"]
[Round "5.2"]
[White "Richard, Emma"]
[Black "Jolly, Marie"]
[Result "1-0"]
[WhiteElo "2077"]
[BlackElo "1679"]
[PlyCount "73"]

1. e4 e6 2. d3 d5 3. Qe2 d4 4. f4 Nf6 5. g3 c5 6. Bg2 Nc6 7. Nf3 b5 8. O-O Be7
9. a4 bxa4 10. Rxa4 Nd7 11. Nbd2 Nb6 12. Ra1 a5 13. Nc4 Nxc4 14. dxc4 Nb4 15.
Rd1 Qb6 16. Ne5 O-O 17. c3 Nc6 18. Nxc6 Qxc6 19. e5 Qa6 20. Bxa8 Qxa8 21. Bd2
Bb7 22. Rf1 Qd8 23. h3 Qb6 24. Rfb1 Qc6 25. Kh2 d3 26. Qf2 Qe4 27. b3 Ra8 28.
Rg1 Bd8 29. Qe3 Qf3 30. Qxf3 Bxf3 31. Rge1 Bb6 32. Kg1 Kf8 33. Kf2 Be2 34. Be3
Rb8 35. Reb1 g6 36. Ra2 Ke7 37. Rab2 1-0

[Event "Championnat de France des Jeunes - Junio"]
[Site "MONTLUCON (FRA)"]
[Date "2011.04.21"]
[Round "5.3"]
[White "Rodange, Barbara"]
[Black "Vinckier, Delphine"]
[Result "0-1"]
[WhiteElo "1730"]
[BlackElo "1832"]
[PlyCount "54"]

1. e4 e6 2. d4 d5 3. Nc3 Nf6 4. e5 Nfd7 5. Qh5 g6 6. Qg4 c5 7. Nf3 cxd4 8. Nxd4
Nxe5 9. Qg3 Bg7 10. Bf4 Nbc6 11. Nxc6 Nxc6 12. Bc7 Qd7 13. Bd6 Nd4 14. Bd3 e5
15. Bc5 a6 16. O-O-O Ne6 17. Bb4 b5 18. Rhe1 Bb7 19. Bf1 d4 20. Rxe5 Bxe5 21.
Qxe5 O-O-O 22. Ba5 Nc7 23. Rxd4 Qc6 24. Nd5 Nxd5 25. Rxd5 Rde8 26. Qd4 Qxd5 27.
Qf4 Re7 0-1

[Event "Championnat de France des Jeunes - Junio"]
[Site "MONTLUCON (FRA)"]
[Date "2011.04.21"]
[Round "5.4"]
[White "Forestier, Carole"]
[Black "Dubois, Emmanuelle"]
[Result "1-0"]
[WhiteElo "2087"]
[BlackElo "1786"]
[PlyCount "65"]

1. d4 f5 2. Bg5 g6 3. g3 Bg7 4. Bg2 Nf6 5. Nf3 d6 6. c4 O-O 7. O-O Qe8 8. Nc3
c6 9. Qd2 Ne4 10. Nxe4 fxe4 11. Nh4 d5 12. f3 exf3 13. Nxf3 a5 14. Rac1 e6 15.
Bh6 Nd7 16. Bxg7 Kxg7 17. Ng5 Nf6 18. e4 h6 19. e5 Nh7 20. Rxf8 Nxf8 21. Nh3
dxc4 22. Rxc4 Bd7 23. Nf2 Nh7 24. Ne4 Qe7 25. Nd6 Ra7 26. Rc1 Qd8 27. Rf1 Be8
28. Qf2 b5 29. d5 Rc7 30. dxc6 Qe7 31. Nxb5 Rc8 32. Nd6 Rc7 33. Qb6 1-0

[Event "Championnat de France des Jeunes - Junio"]
[Site "MONTLUCON (FRA)"]
[Date "2011.04.22"]
[Round "6.1"]
[White "Durot, Edwige"]
[Black "Dubois, Emmanuelle"]
[Result "0-1"]
[WhiteElo "1707"]
[BlackElo "1786"]
[PlyCount "52"]

1. e4 d5 2. exd5 Qxd5 3. Nc3 Qd6 4. d4 Nf6 5. Nf3 a6 6. h3 Bf5 7. Bc4 e6 8. Bb3
Nc6 9. a3 O-O-O 10. Be3 Be7 11. Qe2 Nd5 12. Nxd5 exd5 13. O-O-O Rhe8 14. c3 Bf6
15. Bc2 Bg6 16. Bxg6 hxg6 17. Qc2 Na5 18. Kb1 Qb6 19. Rhe1 Nc4 20. Ka2 Nxe3 21.
Rxe3 Rxe3 22. fxe3 Re8 23. Re1 Qe6 24. Qd3 g5 25. Nd2 g6 26. e4 dxe4+ 0-1

[Event "Championnat de France des Jeunes - Junio"]
[Site "MONTLUCON (FRA)"]
[Date "2011.04.22"]
[Round "6.1"]
[White "Loiret, Momoko"]
[Black "Richard, Emma"]
[Result "0-1"]
[WhiteElo "1760"]
[BlackElo "2077"]
[PlyCount "74"]

1. d4 Nf6 2. c4 e6 3. Nc3 Bb4 4. Qc2 O-O 5. Bg5 c5 6. e3 d5 7. a3 cxd4 8. exd4
Bxc3+ 9. bxc3 b6 10. cxd5 exd5 11. Bd3 h6 12. Bh4 Ba6 13. Ne2 Re8 14. O-O Bxd3
15. Qxd3 Nbd7 16. Rfe1 Rc8 17. f3 Qc7 18. Bg3 Qc6 19. Rec1 b5 20. Rab1 a6 21.
Rb4 Nb6 22. Bf4 Nc4 23. Rb3 Nh5 24. Bd2 Re7 25. Nf4 Nxf4 26. Bxf4 Rce8 27. Bd2
Re2 28. Rd1 Qd6 29. Rbb1 Nxa3 30. Re1 Rxe1+ 31. Rxe1 Rxe1+ 32. Bxe1 a5 33. Qe2
Qe6 34. Qd2 Nc4 35. Qc1 a4 36. Bf2 a3 37. Qb1 Qe2 0-1

[Event "Championnat de France des Jeunes - Junio"]
[Site "MONTLUCON (FRA)"]
[Date "2011.04.22"]
[Round "6.1"]
[White "Jolly, Marie"]
[Black "Rodange, Barbara"]
[Result "1/2-1/2"]
[WhiteElo "1679"]
[BlackElo "1730"]
[PlyCount "91"]

1. d4 d5 2. c4 e6 3. Nf3 Nf6 4. Bg5 Nbd7 5. Nc3 c6 6. e3 Qa5 7. Nd2 Bb4 8. Qc2
dxc4 9. Bxf6 Nxf6 10. Nxc4 Qg5 11. Ne5 O-O 12. h4 Bxc3+ 13. bxc3 Qh5 14. Be2
Qf5 15. Bd3 Qh5 16. f3 Nd5 17. Kf2 f5 18. Rag1 Qh6 19. f4 Nf6 20. Ke1 Nd7 21.
Nf3 Nf6 22. Ne5 Nd7 23. g4 Nxe5 24. dxe5 Kh8 25. h5 fxg4 26. Rxg4 Bd7 27. Qg2
Be8 28. Rg1 Rg8 29. Rg5 Rd8 30. Bc2 Bf7 31. Qg4 Rde8 32. Kf2 Rd8 33. Ke2 Rde8
34. Rb1 b6 35. Ba4 b5 36. Bc2 a6 37. Be4 Rc8 38. Rd1 Rcd8 39. Rf1 c5 40. f5
Rde8 41. f6 gxf6 42. Rxg8+ Rxg8 43. Qf4 Qxf4 44. exf4 Bxh5+ 45. Kd2 f5 46. Bb7
1/2-1/2

[Event "Championnat de France des Jeunes - Junio"]
[Site "MONTLUCON (FRA)"]
[Date "2011.04.22"]
[Round "6.1"]
[White "Vinckier, Delphine"]
[Black "Forestier, Carole"]
[Result "0-1"]
[WhiteElo "1832"]
[BlackElo "2087"]
[PlyCount "68"]

1. e4 d5 2. exd5 Qxd5 3. Nc3 Qa5 4. d4 Nf6 5. Nf3 Bf5 6. Bd2 c6 7. Bc4 e6 8.
O-O Qc7 9. Re1 Be7 10. Ne2 Nd5 11. Ng3 Bg6 12. Bb3 Nd7 13. a3 h5 14. h4 O-O-O
15. c4 Nf4 16. Ne5 Nxe5 17. Bxf4 f6 18. Ne2 c5 19. d5 Bd6 20. Nc3 a6 21. Bg3
exd5 22. Nxd5 Qf7 23. f4 Nc6 24. Bf2 Kb8 25. Qf3 Bf5 26. Qc3 Qg6 27. g3 Be4 28.
Kh2 Qf5 29. Ne3 Qh7 30. Bc2 Nd4 31. Bxe4 Qxe4 32. Kh3 g5 33. Nd5 g4+ 34. Kh2
Nf3+ 0-1